[Event "Czech Open GM 2020"]
[Site "Pardubice"]
[Date "2020.09.25"]
[Round "5.1"]
[White "Stocek, Jiri"]
[Black "Van Foreest, Lucas"]
[Result "1/2-1/2"]
[WhiteElo "2595"]
[BlackElo "2531"]
[Annotator "ChessBase"]
[PlyCount "67"]
[EventDate "2020.09.21"]
[EventCountry "CZE"]
[SourceTitle "playchess.com"]
[Source "ChessBase"]
[SourceQuality "1"]
[TimeControl "40/5400+30:1800+30"]

1. d4 {[%emt 0:00:11]} Nf6 {[%emt 0:02:47]} 2. c4 {[%emt 0:00:47]} e6 {[%emt 0:00:11]} 3. Nc3 {[%emt 0:00:26]} Bb4 {[%emt 0:00:07]} 4. e3 {[%emt 0:00:55]} O-O {[%emt 0:00:23]} 5. Bd3 {[%emt 0:00:27]} c5 {[%emt 0:00:14]} 6. Nf3 {[%emt 0:00:56]} d5 {[%emt 0:00:33]} 7. O-O {[%emt 0:01:07]} cxd4 {[%emt 0:01:14]} 8. exd4 {[%emt 0:01:36]} dxc4 {[%emt 0:01:14]} 9. Bxc4 {[%emt 0:00:06]} b6 {[%emt 0:00:32]} 10. Re1 {[%emt 0:05:18]} Bb7 {[%emt 0:02:10]} 11. Bd3 {[%emt 0:01:36]} Nbd7 {[%emt 0:03:28]} 12. Qe2 {[%emt 0:06:09]} Rc8 {[%emt 0:14:08]} 13. Bd2 {[%emt 0:02:30]} Be7 {[%emt 0:15:17]} 14. Rac1 {[%emt 0:11:38]} Nd5 {[%emt 0:03:04]} 15. Bb1 {[%emt 0:02:07]} Re8 {[%emt 0:04:11]} 16. Rcd1 {[%emt 0:07:32]} Qc7 {[%emt 0:01:51]} 17. Ne5 {[%emt 0:02:34]} Nxe5 {[%emt 0:02:21]} 18. dxe5 {[%emt 0:00:25]} Nxc3 {[%emt 0:00:22]} 19. Bxc3 {[%emt 0:01:32]} Red8 {[%emt 0:01:21]} 20. Be4 {[%emt 0:09:26]} g6 {[%emt 0:04:39]} 21. g3 {[%emt 0:00:48]} Bxe4 {[%emt 0:02:16]} 22. Qxe4 {[%emt 0:00:06]} Rd7 {[%emt 0:00:23]} 23. Qa4 {[%emt 0:11:47]} Rcd8 {[%emt 0:02:06]} 24. Rxd7 {[%emt 0:00:16]} Rxd7 {[%emt 0:00:25]} 25. Rd1 {[%emt 0:04:40]} Rxd1+ {[%emt 0:00:05]} 26. Qxd1 {[%emt 0:00:03]} Qc6 {[%emt 0:00:10]} 27. Qd3 {[%emt 0:02:26]} Qa4 {[%emt 0:04:42]} 28. a3 {[%emt 0:01:08]} h5 {[%emt 0:02:15]} 29. h4 {[%emt 0:01:24]} Bc5 {[%emt 0:02:18]} 30. Qd8+ {[%emt 0:02:50]} Kg7 {[%emt 0:04:42]} 31. b4 {[%emt 0:07:53]} Qxa3 {[%emt 0:01:30]} 32. bxc5 {[%emt 0:00:27]} Qxc3 {[%emt 0:00:16]} 33. Qf6+ {[%emt 0:00:05]} Kg8 {[%emt 0:00:06]} 34. Qd8+ {[%emt 0:00:04]} 1/2-1/2

[Event "Czech Open GM 2020"]
[Site "Pardubice"]
[Date "2020.09.25"]
[Round "5.2"]
[White "Noe, Christopher"]
[Black "Parvanyan, Ashot"]
[Result "1-0"]
[WhiteElo "2519"]
[BlackElo "2458"]
[Annotator "ChessBase"]
[PlyCount "103"]
[EventDate "2020.09.21"]
[EventCountry "CZE"]
[SourceTitle "playchess.com"]
[Source "ChessBase"]
[SourceQuality "1"]
[TimeControl "40/5400+30:1800+30"]

1. d4 {[%emt 0:00:00]} Nf6 {[%emt 0:00:00]} 2. c4 {[%emt 0:00:20]} g6 {[%emt 0:00:04]} 3. Nc3 {[%emt 0:00:08]} Bg7 {[%emt 0:00:07]} 4. e4 {[%emt 0:00:09]} d6 {[%emt 0:00:05]} 5. f3 {[%emt 0:00:05]} O-O {[%emt 0:00:07]} 6. Be3 {[%emt 0:00:09]} c5 {[%emt 0:00:26]} 7. d5 {[%emt 0:00:06]} e6 {[%emt 0:00:46]} 8. Qd2 {[%emt 0:00:07]} exd5 {[%emt 0:01:04]} 9. cxd5 {[%emt 0:00:06]} Re8 {[%emt 0:03:17]} 10. Nge2 {[%emt 0:03:28]} a6 {[%emt 0:01:42]} 11. a4 {[%emt 0:00:06]} Nbd7 {[%emt 0:00:34]} 12. Ng3 {[%emt 0:00:45]} h5 {[%emt 0:02:45]} 13. Be2 {[%emt 0:01:42]} h4 {[%emt 0:06:14]} 14. Nf1 {[%emt 0:00:06]} Nh7 {[%emt 0:00:21]} 15. Bh6 {[%emt 0:09:48]} Bd4 {[%emt 0:09:15]} 16. Be3 {[%emt 0:04:12]} Bg7 {[%emt 0:02:03]} 17. Bf2 {[%emt 0:09:55]} f5 {[%emt 0:04:22]} 18. exf5 {[%emt 0:06:43]} gxf5 {[%emt 0:00:32]} 19. f4 {[%emt 0:00:15]} Bh6 {[%emt 0:05:45]} 20. g3 {[%emt 0:02:14]} Ne5 {[%emt 0:11:08]} 21. Ne3 {[%emt 0:00:48]} Ng4 {[%emt 0:00:33]} 22. Nxg4 {[%emt 0:01:58]} fxg4 {[%emt 0:00:11]} 23. O-O {[%emt 0:01:14]} h3 {[%emt 0:04:59]} 24. Bd3 {[%emt 0:02:04]} Nf6 {[%emt 0:03:32]} 25. Bg6 {[%emt 0:00:54]} Re7 {[%emt 0:02:49]} 26. Rab1 {[%emt 0:04:08]} Rg7 {[%emt 0:22:19]} 27. Bc2 {[%emt 0:03:04]} Qa5 {[%emt 0:02:34]} 28. b4 {[%emt 0:01:18]} cxb4 {[%emt 0:00:05]} 29. Qd4 {[%emt 0:01:40]} Rf7 {[%emt 0:02:52]} 30. Rxb4 {[%emt 0:06:19]} Bg7 {[%emt 0:00:42]} 31. Rfb1 {[%emt 0:00:10]} Bd7 {[%emt 0:10:14]} 32. Qd3 {[%emt 0:06:13]} Rc8 {[%emt 0:03:14]} 33. Bb6 {[%emt 0:05:36]} Bb5 {[%emt 0:00:04]} 34. Bxa5 {[%emt 0:14:30]} Bxd3 {[%emt 0:00:04]} 35. Bxd3 {[%emt 0:00:06]} Rxc3 {[%emt 0:00:04]} 36. Bg6 {[%emt 0:00:04]} Re7 {[%emt 0:01:39]} 37. Rxb7 {[%emt 0:00:05]} Rxb7 {[%emt 0:01:25]} 38. Bxc3 {[%emt 0:00:35]} Rxb1+ {[%emt 0:00:19]} 39. Bxb1 {[%emt 0:00:06]} Nxd5 {[%emt 0:00:16]} 40. Ba2 {[%emt 0:00:22]} Bxc3 {[%emt 0:00:32]} 41. Bxd5+ {[%emt 0:30:06]} Kg7 {[%emt 0:06:18]} 42. Be6 {[%emt 0:00:00]} d5 {[%emt 0:01:16]} 43. Kf1 {[%emt 0:00:00]} Bd4 {[%emt 0:10:49]} 44. Bxg4 {[%emt 0:00:00]} Be3 {[%emt 0:00:23]} 45. Bxh3 {[%emt 0:00:00]} a5 {[%emt 0:00:27]} 46. Be6 {[%emt 0:00:00]} d4 {[%emt 0:00:05]} 47. Bc4 {[%emt 0:00:00]} Kg6 {[%emt 0:01:12]} 48. Ke2 {[%emt 0:00:00]} Kh5 {[%emt 0:01:01]} 49. Kf3 {[%emt 0:00:00]} Bg1 {[%emt 0:00:21]} 50. h4 {[%emt 0:00:00]} Be3 {[%emt 0:01:37]} 51. Be2 {[%emt 0:00:00]} Bg1 {[%emt 0:00:29]} 52. Kg2+ {[%emt 0:00:00]} 1-0

[Event "Czech Open GM 2020"]
[Site "Pardubice"]
[Date "2020.09.25"]
[Round "5.3"]
[White "Golubka, Petro"]
[Black "Vogel, Roven"]
[Result "1/2-1/2"]
[WhiteElo "2488"]
[BlackElo "2456"]
[Annotator "ChessBase"]
[PlyCount "31"]
[EventDate "2020.09.21"]
[EventCountry "CZE"]
[SourceTitle "playchess.com"]
[Source "ChessBase"]
[SourceQuality "1"]
[TimeControl "40/5400+30:1800+30"]

1. Nf3 {[%emt 0:01:01]} d5 {[%emt 0:00:00]} 2. g3 {[%emt 0:00:04]} g6 {[%emt 0:00:38]} 3. Bg2 {[%emt 0:00:05]} Bg7 {[%emt 0:00:10]} 4. d4 {[%emt 0:00:03]} Nf6 {[%emt 0:00:21]} 5. O-O {[%emt 0:00:05]} O-O {[%emt 0:00:11]} 6. Be3 {[%emt 0:00:03]} Nc6 {[%emt 0:01:48]} 7. Nc3 {[%emt 0:05:41]} Re8 {[%emt 0:05:46]} 8. Ne5 {[%emt 0:06:25]} Nxe5 {[%emt 0:04:15]} 9. dxe5 {[%emt 0:00:14]} Ng4 {[%emt 0:00:12]} 10. Bd4 {[%emt 0:00:56]} Nxe5 {[%emt 0:13:31]} 11. Nxd5 {[%emt 0:02:35]} c6 {[%emt 0:01:30]} 12. Nf4 {[%emt 0:00:23]} Qxd4 {[%emt 0:03:44]} 13. Qxd4 {[%emt 0:00:08]} Nf3+ {[%emt 0:00:06]} 14. Bxf3 {[%emt 0:00:17]} Bxd4 {[%emt 0:00:09]} 15. c3 {[%emt 0:00:01]} Bb6 {[%emt 0:05:17]} 16. Nd3 {[%emt 0:01:46]} 1/2-1/2

[Event "Czech Open GM 2020"]
[Site "Pardubice"]
[Date "2020.09.25"]
[Round "5.4"]
[White "Vrolijk, Liam"]
[Black "Jarmula, Lukasz"]
[Result "1/2-1/2"]
[WhiteElo "2481"]
[BlackElo "2444"]
[Annotator "ChessBase"]
[PlyCount "63"]
[EventDate "2020.09.21"]
[EventCountry "CZE"]
[SourceTitle "playchess.com"]
[Source "ChessBase"]
[SourceQuality "1"]
[TimeControl "40/5400+30:1800+30"]

1. d4 {[%emt 0:04:42]} d5 {[%emt 0:00:00]} 2. c4 {[%emt 0:00:16]} dxc4 {[%emt 0:00:00]} 3. e4 {[%emt 0:01:32]} e5 {[%emt 0:00:00]} 4. Nf3 {[%emt 0:00:30]} exd4 {[%emt 0:00:06]} 5. Bxc4 {[%emt 0:00:08]} Nc6 {[%emt 0:00:04]} 6. O-O {[%emt 0:00:48]} Be6 {[%emt 0:00:04]} 7. Bb5 {[%emt 0:01:40]} Bc5 {[%emt 0:00:33]} 8. b4 {[%emt 0:00:52]} Bb6 {[%emt 0:00:05]} 9. a4 {[%emt 0:00:38]} a6 {[%emt 0:00:04]} 10. Bxc6+ {[%emt 0:00:04]} bxc6 {[%emt 0:00:05]} 11. a5 {[%emt 0:00:09]} Ba7 {[%emt 0:00:05]} 12. Bb2 {[%emt 0:00:11]} Nf6 {[%emt 0:00:06]} 13. Bxd4 {[%emt 0:02:01]} Nxe4 {[%emt 0:00:16]} 14. Bxa7 {[%emt 0:06:01]} Qxd1 {[%emt 0:00:18]} 15. Rxd1 {[%emt 0:00:06]} Rxa7 {[%emt 0:00:05]} 16. Nd4 {[%emt 0:07:34]} c5 {[%emt 0:03:54]} 17. Nc6 {[%emt 0:11:06]} Ra8 {[%emt 0:00:10]} 18. f3 {[%emt 0:00:55]} Nd6 {[%emt 0:00:05]} 19. bxc5 {[%emt 0:00:30]} Nb7 {[%emt 0:00:05]} 20. Rc1 {[%emt 0:01:45]} O-O {[%emt 0:03:28]} 21. Nd2 {[%emt 0:00:59]} Rfe8 {[%emt 0:09:10]} 22. Kf2 {[%emt 0:04:20]} f6 {[%emt 0:08:38]} 23. Rab1 {[%emt 0:03:35]} Nd8 {[%emt 0:01:41]} 24. Nb4 {[%emt 0:06:34]} Nb7 {[%emt 0:02:14]} 25. Nc6 {[%emt 0:04:28]} Nd8 {[%emt 0:00:14]} 26. Nb4 {[%emt 0:08:54]} Nb7 {[%emt 0:00:07]} 27. Ra1 {[%emt 0:04:30]} Reb8 {[%emt 0:02:29]} 28. Nc6 {[%emt 0:02:25]} Re8 {[%emt 0:00:15]} 29. Ra3 {[%emt 0:03:07]} Bf7 {[%emt 0:02:54]} 30. Rd3 {[%emt 0:02:22]} Re6 {[%emt 0:08:10]} 31. Nd4 {[%emt 0:00:58]} Ree8 {[%emt 0:09:32]} 32. Nc6 {[%emt 0:00:44]} 1/2-1/2

[Event "Czech Open GM 2020"]
[Site "Pardubice"]
[Date "2020.09.25"]
[Round "5.5"]
[White "Krasteva, Beloslava"]
[Black "Kevlishvili, Robby"]
[Result "0-1"]
[WhiteElo "2296"]
[BlackElo "2478"]
[Annotator "ChessBase"]
[PlyCount "70"]
[EventDate "2020.09.21"]
[EventCountry "CZE"]
[SourceTitle "playchess.com"]
[Source "ChessBase"]
[SourceQuality "1"]
[TimeControl "40/5400+30:1800+30"]

1. d4 {[%emt 0:00:00]} Nf6 {[%emt 0:04:52]} 2. c4 {[%emt 0:00:00]} e6 {[%emt 0:00:13]} 3. Nc3 {[%emt 0:00:16]} Bb4 {[%emt 0:00:14]} 4. e3 {[%emt 0:00:49]} O-O {[%emt 0:00:06]} 5. Bd3 {[%emt 0:00:09]} d5 {[%emt 0:00:11]} 6. cxd5 {[%emt 0:00:23]} exd5 {[%emt 0:00:09]} 7. Nge2 {[%emt 0:00:16]} Re8 {[%emt 0:00:31]} 8. Bd2 {[%emt 0:00:34]} c5 {[%emt 0:00:24]} 9. a3 {[%emt 0:01:24]} Bxc3 {[%emt 0:00:39]} 10. Bxc3 {[%emt 0:00:05]} c4 {[%emt 0:00:28]} 11. Bc2 {[%emt 0:00:14]} Nc6 {[%emt 0:00:23]} 12. O-O {[%emt 0:02:01]} Bg4 {[%emt 0:00:27]} 13. b3 {[%emt 0:01:50]} Na5 {[%emt 0:00:17]} 14. Bxa5 {[%emt 0:00:37]} Qxa5 {[%emt 0:00:06]} 15. bxc4 {[%emt 0:00:17]} dxc4 {[%emt 0:00:06]} 16. f3 {[%emt 0:00:10]} Bd7 {[%emt 0:00:17]} 17. e4 {[%emt 0:00:57]} b5 {[%emt 0:00:19]} 18. Qe1 {[%emt 0:04:10]} Qb6 {[%emt 0:02:43]} 19. Kh1 {[%emt 0:05:24]} a5 {[%emt 0:04:56]} 20. Qh4 {[%emt 0:04:45]} g6 {[%emt 0:16:18]} 21. e5 {[%emt 0:09:30]} Nd5 {[%emt 0:00:15]} 22. Qh6 {[%emt 0:00:41]} f5 {[%emt 0:05:02]} 23. exf6 {[%emt 0:03:40]} Qxf6 {[%emt 0:00:42]} 24. Be4 {[%emt 0:01:03]} Bc6 {[%emt 0:07:44]} 25. Ng3 {[%emt 0:02:42]} Rad8 {[%emt 0:18:11]} 26. Nh5 {[%emt 0:05:21]} Qf8 {[%emt 0:05:57]} 27. Qg5 {[%emt 0:02:02]} Qe7 {[%emt 0:01:25]} 28. Qg3 {[%emt 0:08:19]} Kh8 {[%emt 0:03:06]} 29. Rfe1 {[%emt 0:04:57]} Qd6 {[%emt 0:03:11]} 30. Bxd5 {[%emt 0:04:14]} Qxg3 {[%emt 0:02:19]} 31. Rxe8+ {[%emt 0:00:24]} Bxe8 {[%emt 0:00:13]} 32. hxg3 {[%emt 0:01:03]} gxh5 {[%emt 0:00:08]} 33. Re1 {[%emt 0:03:56]} Bg6 {[%emt 0:00:49]} 34. Re5 {[%emt 0:05:40]} c3 {[%emt 0:00:14]} 35. Bb3 {[%emt 0:01:56]} a4 {[%emt 0:00:07]} 0-1

[Event "Czech Open GM 2020"]
[Site "Pardubice"]
[Date "2020.09.25"]
[Round "5.6"]
[White "Plat, Vojtech"]
[Black "Vokac, Marek"]
[Result "1-0"]
[WhiteElo "2566"]
[BlackElo "2365"]
[Annotator "ChessBase"]
[PlyCount "117"]
[EventDate "2020.09.21"]
[EventCountry "CZE"]
[SourceTitle "playchess.com"]
[Source "ChessBase"]
[SourceQuality "1"]
[TimeControl "40/5400+30:1800+30"]

1. e4 {[%emt 0:08:58]} c5 {[%emt 0:00:00]} 2. Nf3 {[%emt 0:00:14]} Nc6 {[%emt 0:00:00]} 3. c3 {[%emt 0:00:39]} d5 {[%emt 0:01:52]} 4. exd5 {[%emt 0:00:26]} Qxd5 {[%emt 0:00:03]} 5. d4 {[%emt 0:00:06]} Bg4 {[%emt 0:01:46]} 6. Be2 {[%emt 0:00:03]} cxd4 {[%emt 0:00:09]} 7. cxd4 {[%emt 0:00:06]} e6 {[%emt 0:00:07]} 8. Nc3 {[%emt 0:00:08]} Qa5 {[%emt 0:00:28]} 9. O-O {[%emt 0:00:05]} Nf6 {[%emt 0:00:21]} 10. h3 {[%emt 0:00:44]} Bh5 {[%emt 0:00:04]} 11. a3 {[%emt 0:02:32]} Be7 {[%emt 0:00:24]} 12. Be3 {[%emt 0:00:51]} O-O {[%emt 0:00:58]} 13. b4 {[%emt 0:00:05]} Qd8 {[%emt 0:00:12]} 14. Rc1 {[%emt 0:00:29]} Rc8 {[%emt 0:00:56]} 15. g4 {[%emt 0:05:58]} Bg6 {[%emt 0:00:05]} 16. Ne5 {[%emt 0:00:49]} a5 {[%emt 0:08:32]} 17. Nxg6 {[%emt 0:00:11]} hxg6 {[%emt 0:00:12]} 18. b5 {[%emt 0:00:04]} Nb8 {[%emt 0:00:32]} 19. Qb3 {[%emt 0:01:53]} Qd6 20. Ra1 {[%emt 0:01:39]} Rfd8 21. Bf3 {[%emt 0:07:18]} Nd5 {[%emt 0:03:10]} 22. Nxd5 {[%emt 0:00:00]} exd5 {[%emt 0:09:28]} 23. Rfc1 {[%emt 0:03:00]} Rxc1+ {[%emt 0:00:39]} 24. Rxc1 {[%emt 0:00:00]} b6 {[%emt 0:00:10]} 25. a4 {[%emt 0:00:00]} f5 {[%emt 0:13:07]} 26. Re1 {[%emt 0:00:28]} Kf8 {[%emt 0:17:24]} 27. Bc1 {[%emt 0:02:35]} Qb4 {[%emt 0:06:47]} 28. Qxb4 {[%emt 0:00:36]} axb4 {[%emt 0:00:54]} 29. Bf4 {[%emt 0:00:04]} Nd7 {[%emt 0:01:27]} 30. g5 {[%emt 0:00:55]} b3 {[%emt 0:05:28]} 31. Bxd5 {[%emt 0:03:19]} b2 {[%emt 0:00:03]} 32. Rb1 {[%emt 0:00:38]} Ba3 {[%emt 0:00:37]} 33. Bc6 {[%emt 0:00:39]} Ke7 {[%emt 0:06:42]} 34. Re1+ {[%emt 0:03:36]} Kf7 {[%emt 0:00:38]} 35. Kf1 {[%emt 0:01:11]} Re8 {[%emt 0:06:01]} 36. Rb1 {[%emt 0:00:37]} Re7 {[%emt 0:00:03]} 37. Bd2 {[%emt 0:00:32]} Nf8 {[%emt 0:04:19]} 38. a5 {[%emt 0:01:45]} bxa5 {[%emt 0:00:37]} 39. b6 {[%emt 0:02:31]} Nd7 {[%emt 0:00:52]} 40. Bxa5 {[%emt 0:00:30]} Ke6 {[%emt 0:05:01]} 41. b7 {[%emt 0:32:43]} Nb8 {[%emt 0:30:06]} 42. d5+ {[%emt 0:00:14]} Kd6 {[%emt 0:00:37]} 43. Bd2 {[%emt 0:03:45]} Re4 {[%emt 0:01:26]} 44. Bc3 {[%emt 0:00:01]} Kc7 {[%emt 0:00:00]} 45. Bxb2 {[%emt 0:00:00]} Be7 {[%emt 0:00:29]} 46. Rc1 {[%emt 0:00:00]} Nxc6 {[%emt 0:02:19]} 47. Rxc6+ {[%emt 0:00:00]} Kxb7 {[%emt 0:00:08]} 48. Rxg6 {[%emt 0:00:00]} Bc5 {[%emt 0:01:35]} 49. Rxg7+ {[%emt 0:00:00]} Kb6 {[%emt 0:00:05]} 50. Rg6+ {[%emt 0:00:00]} Kb5 {[%emt 0:00:13]} 51. Re6 {[%emt 0:00:00]} Rb4 {[%emt 0:01:20]} 52. Re2 {[%emt 0:00:00]} f4 {[%emt 0:04:51]} 53. g6 {[%emt 0:00:00]} f3 {[%emt 0:00:04]} 54. Rd2 {[%emt 0:00:00]} Kc4 {[%emt 0:03:05]} 55. g7 {[%emt 0:00:00]} Rb8 {[%emt 0:00:04]} 56. d6 {[%emt 0:00:00]} Bb4 {[%emt 0:00:05]} 57. Rd4+ {[%emt 0:00:00]} Kb3 {[%emt 0:00:44]} 58. d7 {[%emt 0:00:00]} Be7 {[%emt 0:00:41]} 59. d8=Q {[%emt 0:00:00]} 1-0

[Event "Czech Open GM 2020"]
[Site "Pardubice"]
[Date "2020.09.25"]
[Round "5.7"]
[White "Finek, Vaclav"]
[Black "Mendonca, Leon Luke"]
[Result "1/2-1/2"]
[WhiteElo "2344"]
[BlackElo "2490"]
[Annotator "ChessBase"]
[PlyCount "81"]
[EventDate "2020.09.21"]
[EventCountry "CZE"]
[SourceTitle "playchess.com"]
[Source "ChessBase"]
[SourceQuality "1"]
[TimeControl "40/5400+30:1800+30"]

1. Nf3 {[%emt 0:00:00]} Nf6 {[%emt 0:01:08]} 2. c4 {[%emt 0:00:10]} c5 {[%emt 0:02:16]} 3. Nc3 {[%emt 0:00:19]} b6 {[%emt 0:00:31]} 4. g3 {[%emt 0:02:36]} Bb7 {[%emt 0:00:17]} 5. Bg2 {[%emt 0:00:10]} e6 {[%emt 0:00:55]} 6. O-O {[%emt 0:00:08]} Be7 {[%emt 0:00:14]} 7. Re1 {[%emt 0:00:14]} a6 {[%emt 0:07:44]} 8. e4 {[%emt 0:01:58]} d6 {[%emt 0:00:49]} 9. d4 {[%emt 0:01:28]} cxd4 {[%emt 0:00:36]} 10. Nxd4 {[%emt 0:00:12]} Qc7 {[%emt 0:02:26]} 11. Be3 {[%emt 0:01:27]} Nbd7 {[%emt 0:03:40]} 12. f4 {[%emt 0:06:58]} O-O {[%emt 0:17:03]} 13. Rc1 {[%emt 0:05:23]} Rac8 {[%emt 0:03:56]} 14. b3 {[%emt 0:11:29]} Rfe8 {[%emt 0:05:58]} 15. Bf2 {[%emt 0:06:58]} Bf8 {[%emt 0:10:30]} 16. g4 {[%emt 0:08:22]} e5 {[%emt 0:22:37]} 17. Nc2 {[%emt 0:01:35]} g6 {[%emt 0:08:08]} 18. f5 {[%emt 0:06:41]} b5 {[%emt 0:07:19]} 19. Ne3 {[%emt 0:06:05]} b4 {[%emt 0:00:41]} 20. Ncd5 {[%emt 0:01:10]} Bxd5 {[%emt 0:00:09]} 21. Nxd5 {[%emt 0:04:04]} Nxd5 {[%emt 0:00:33]} 22. Qxd5 {[%emt 0:02:02]} Nf6 {[%emt 0:00:35]} 23. Qd1 {[%emt 0:00:16]} Bh6 {[%emt 0:00:09]} 24. Rc2 {[%emt 0:01:42]} Bf4 {[%emt 0:00:17]} 25. h4 {[%emt 0:04:09]} h6 {[%emt 0:00:43]} 26. Rf1 {[%emt 0:07:01]} g5 {[%emt 0:00:41]} 27. Bf3 {[%emt 0:01:07]} Kg7 {[%emt 0:00:43]} 28. Kg2 {[%emt 0:01:24]} Rh8 {[%emt 0:00:38]} 29. Rh1 {[%emt 0:02:38]} Qc6 {[%emt 0:01:36]} 30. Re2 {[%emt 0:01:30]} a5 {[%emt 0:00:52]} 31. Ree1 {[%emt 0:01:07]} Rhe8 {[%emt 0:01:09]} 32. Qe2 {[%emt 0:01:44]} Rb8 {[%emt 0:00:31]} 33. Rd1 {[%emt 0:01:00]} Rbd8 {[%emt 0:00:33]} 34. Rd3 {[%emt 0:01:27]} Rd7 {[%emt 0:00:13]} 35. Rhd1 {[%emt 0:00:36]} Qc7 {[%emt 0:00:45]} 36. Qe1 {[%emt 0:04:51]} Rb8 {[%emt 0:00:25]} 37. Qe2 {[%emt 0:00:21]} Re8 {[%emt 0:00:10]} 38. Qe1 {[%emt 0:00:44]} Rb8 {[%emt 0:00:49]} 39. Qe2 {[%emt 0:00:07]} Kg8 {[%emt 0:00:34]} 40. Rh1 {[%emt 0:05:13]} Rbd8 {[%emt 0:00:22]} 41. Be3 {[%emt 0:06:31]} 1/2-1/2

[Event "Czech Open GM 2020"]
[Site "Pardubice"]
[Date "2020.09.25"]
[Round "5.8"]
[White "Petr, Martin"]
[Black "Storme, Isak"]
[Result "1-0"]
[WhiteElo "2484"]
[BlackElo "2353"]
[Annotator "ChessBase"]
[PlyCount "103"]
[EventDate "2020.09.21"]
[EventCountry "CZE"]
[SourceTitle "playchess.com"]
[Source "ChessBase"]
[SourceQuality "1"]
[TimeControl "40/5400+30:1800+30"]

1. e4 {[%emt 0:02:53]} e5 {[%emt 0:00:00]} 2. Nf3 {[%emt 0:00:12]} Nc6 {[%emt 0:00:00]} 3. d4 {[%emt 0:00:07]} exd4 {[%emt 0:00:00]} 4. Nxd4 {[%emt 0:00:04]} Nf6 {[%emt 0:00:05]} 5. Nxc6 {[%emt 0:00:03]} bxc6 {[%emt 0:00:06]} 6. e5 {[%emt 0:00:03]} Qe7 {[%emt 0:00:11]} 7. Qe2 {[%emt 0:00:05]} Nd5 {[%emt 0:00:14]} 8. h4 {[%emt 0:00:19]} Qe6 {[%emt 0:02:54]} 9. g3 {[%emt 0:03:08]} d6 {[%emt 0:01:34]} 10. c4 {[%emt 0:04:24]} Nb6 {[%emt 0:02:25]} 11. Bf4 {[%emt 0:09:37]} dxe5 {[%emt 0:08:17]} 12. Qxe5 {[%emt 0:00:38]} Bb4+ {[%emt 0:02:01]} 13. Nd2 {[%emt 0:03:23]} O-O {[%emt 0:03:18]} 14. Qxe6 {[%emt 0:01:43]} Bxe6 {[%emt 0:00:14]} 15. O-O-O {[%emt 0:00:06]} Bxd2+ {[%emt 0:02:44]} 16. Rxd2 {[%emt 0:00:12]} Nxc4 {[%emt 0:00:33]} 17. Rc2 {[%emt 0:01:42]} Bd5 {[%emt 0:04:35]} 18. Rg1 {[%emt 0:00:16]} Nd6 {[%emt 0:14:22]} 19. Bg2 {[%emt 0:00:09]} Bxg2 {[%emt 0:02:47]} 20. Rxg2 {[%emt 0:00:05]} Rfe8 {[%emt 0:03:22]} 21. Rg1 {[%emt 0:09:16]} Nf5 {[%emt 0:04:45]} 22. Rd1 {[%emt 0:00:11]} Re6 {[%emt 0:01:54]} 23. Bxc7 {[%emt 0:03:40]} h5 {[%emt 0:01:58]} 24. Rc5 {[%emt 0:03:19]} g6 {[%emt 0:05:44]} 25. Ra5 {[%emt 0:01:09]} Re2 {[%emt 0:08:19]} 26. Rd2 {[%emt 0:01:51]} Re1+ {[%emt 0:01:11]} 27. Kc2 {[%emt 0:00:06]} Rc8 {[%emt 0:03:41]} 28. Be5 {[%emt 0:12:16]} c5 {[%emt 0:04:06]} 29. Bc3 {[%emt 0:05:16]} Nd4+ {[%emt 0:05:49]} 30. Bxd4 {[%emt 0:00:00]} cxd4+ {[%emt 0:00:06]} 31. Kd3 {[%emt 0:00:00]} Rc7 {[%emt 0:01:00]} 32. Ra4 {[%emt 0:00:00]} Kg7 {[%emt 0:01:21]} 33. Rxd4 {[%emt 0:00:00]} Rb7 {[%emt 0:02:35]} 34. Rc4 {[%emt 0:00:00]} Rbe7 {[%emt 0:01:42]} 35. b3 {[%emt 0:03:31]} f6 {[%emt 0:02:24]} 36. Kc3 {[%emt 0:00:00]} Rf1 {[%emt 0:01:45]} 37. b4 {[%emt 0:03:11]} g5 {[%emt 0:02:05]} 38. a4 {[%emt 0:00:04]} Kg6 {[%emt 0:01:09]} 39. b5 {[%emt 0:00:24]} Rb1 {[%emt 0:05:00]} 40. hxg5 {[%emt 0:11:36]} fxg5 {[%emt 0:00:16]} 41. Rd6+ {[%emt 0:30:55]} Kf5 {[%emt 0:31:28]} 42. Rd5+ {[%emt 0:13:22]} Re5 {[%emt 0:00:22]} 43. g4+ {[%emt 0:04:48]} hxg4 {[%emt 0:00:42]} 44. Rxe5+ {[%emt 0:00:04]} Kxe5 {[%emt 0:00:07]} 45. Rxg4 {[%emt 0:00:03]} Kf5 {[%emt 0:01:44]} 46. Rd4 {[%emt 0:00:04]} Rc1+ {[%emt 0:00:00]} 47. Kb4 {[%emt 0:00:00]} Rc7 {[%emt 0:00:00]} 48. a5 {[%emt 0:00:00]} g4 {[%emt 0:00:00]} 49. b6 {[%emt 0:00:00]} axb6 {[%emt 0:00:00]} 50. axb6 {[%emt 0:00:00]} Rf7 {[%emt 0:00:00]} 51. Kc5 {[%emt 0:00:00]} Kg5 {[%emt 0:00:00]} 52. Rd2 {[%emt 0:00:00]} 1-0

[Event "Czech Open GM 2020"]
[Site "Pardubice"]
[Date "2020.09.25"]
[Round "5.9"]
[White "Zwardon, Vojtech"]
[Black "Leeb, Simon"]
[Result "1-0"]
[WhiteElo "2455"]
[BlackElo "2234"]
[Annotator "ChessBase"]
[PlyCount "63"]
[EventDate "2020.09.21"]
[EventCountry "CZE"]
[SourceTitle "playchess.com"]
[Source "ChessBase"]
[SourceQuality "1"]
[TimeControl "40/5400+30:1800+30"]

1. c4 {[%emt 0:10:40]} c6 {[%emt 0:00:06]} 2. Nc3 {[%emt 0:00:03]} Nf6 {[%emt 0:00:22]} 3. d4 {[%emt 0:00:18]} d5 {[%emt 0:00:37]} 4. cxd5 {[%emt 0:00:04]} Nxd5 {[%emt 0:00:10]} 5. Nf3 {[%emt 0:00:46]} g6 {[%emt 0:02:06]} 6. e4 {[%emt 0:02:31]} Nb6 {[%emt 0:00:39]} 7. Be2 {[%emt 0:03:48]} Bg4 {[%emt 0:02:03]} 8. a4 {[%emt 0:03:30]} Bg7 {[%emt 0:11:49]} 9. a5 {[%emt 0:01:38]} Bxf3 {[%emt 0:00:13]} 10. gxf3 {[%emt 0:00:05]} Nc8 {[%emt 0:07:23]} 11. Be3 {[%emt 0:00:54]} O-O {[%emt 0:16:35]} 12. f4 {[%emt 0:00:39]} Nd6 {[%emt 0:02:28]} 13. Qc2 {[%emt 0:02:23]} e6 {[%emt 0:05:00]} 14. h4 {[%emt 0:01:32]} h5 {[%emt 0:02:10]} 15. Qb3 {[%emt 0:05:00]} a6 {[%emt 0:08:10]} 16. Qb4 {[%emt 0:00:59]} Nb5 {[%emt 0:07:29]} 17. Rd1 {[%emt 0:01:10]} Qc8 {[%emt 0:06:46]} 18. Na4 {[%emt 0:05:01]} Nd7 {[%emt 0:01:08]} 19. f5 {[%emt 0:02:59]} exf5 {[%emt 0:02:09]} 20. exf5 {[%emt 0:00:19]} Nf6 {[%emt 0:00:50]} 21. fxg6 {[%emt 0:00:06]} Nd5 {[%emt 0:01:47]} 22. Qb3 {[%emt 0:00:53]} fxg6 {[%emt 0:02:19]} 23. Nb6 {[%emt 0:00:37]} Qf5 {[%emt 0:00:05]} 24. Nxd5 {[%emt 0:02:39]} cxd5 {[%emt 0:01:17]} 25. Rg1 {[%emt 0:00:33]} Nxd4 {[%emt 0:02:40]} 26. Rxd4 {[%emt 0:00:20]} Bxd4 {[%emt 0:00:21]} 27. Bxd4 {[%emt 0:00:07]} Rae8 {[%emt 0:01:53]} 28. Be3 {[%emt 0:05:02]} Kh7 {[%emt 0:02:07]} 29. Rg5 {[%emt 0:03:23]} Qb1+ {[%emt 0:07:07]} 30. Kd2 {[%emt 0:00:20]} d4 {[%emt 0:01:00]} 31. Qxb7+ {[%emt 0:00:08]} Kh6 {[%emt 0:00:33]} 32. Rxh5# {[%emt 0:00:04]} 1-0